The story of orchestral music and its times

Saved in:
Bibliographic Details
Main Author: Grabbe, Paul (Author)
Format: Book
Language:English
Published: Nueva York Grosset and Dunlap 1942
Subjects:
Tags: Add Tag
No Tags, Be the first to tag this record!

MARC

LEADER 00000nam a2200000 a 4500
001 UCN2708
003 CL-VaPUC
008 010531e19420000US |||||||||||||||||eng|d
082 0 4 |a 784.09  |b GRA  |2 21 
100 |a Grabbe, Paul  |e author  |9 459716 
245 1 4 |a The story of orchestral music and its times 
300 |a 216 p 
942 |c BK 
945 |d 20010531 00:00:00  |a crobeson 
260 |a Nueva York  |b Grosset and Dunlap  |c 1942 
650 0 |a Música orquestal  |9 306546 
650 7 |a MUSICA HISTORIA  |2 CL-VaPUC  |9 306301 
650 0 |a Compositores  |9 306451 
583 |a last modification  |c 20010531 00:00:00  |k Rodrigo Vera 
999 |c 295763  |d 295761